000
00273nam a22001217a 4500
008
170529b xxu||||| |||| 00| 0 eng d
041
_a
eng
080
_a
94
100
_a
16
101
_a
SHH
245
_a
PERSONALITIES OF THE SOUTH
_c
OUTSTANDING .D
942
_2
udc
_c
BK
999
_c
14972
_d
14972